000 00358nam a2200145Ia 4500
008 210210b1970 xxu||||| |||| 00| 0 eng d
082 _a801.951K SIPP
100 _aSi Pi Ke.
245 _aPashchatya kavyachintana.
260 _aMaisuru
_bGita Buk Haus
_c1970
300 _a208
650 _aPashchatya Kavyachintana
690 _aPoetry
906 _a031467
999 _c82589
_d82589